=LDR 00000nam 2200000 4500 =001 INLIS000000000005887 =005 20130612094056 =008 ***********************************Ind** =035 ##$$0010-061300000005887 =041 ##$$a Ind =082 ##$$a 792.095 985 23 =090 ##$$a 792.095 985 23, Sud s =100 ##$$a Sudyarsana, Handung Kus =245 ##$$a Setyawaty obong, Handung KusSudyarsana =260 ##$$a 1988 $b Yogyakarta =300 ##$$a 71 hlm, ils, 21 cm =650 ##$$a Ketoprak =850 ##$$a NBPNMAT